| 000 | 00663cam a2200205 4500 | ||
|---|---|---|---|
| 008 | 090401t1997 xxu||||| |||| 00| 0 eng d | ||
| 020 | _a0946779481 | ||
| 035 | _a(Sirsi) u86003 | ||
| 041 | 0 | _aeng | |
| 050 | 0 | 4 | _a526.9 $2 18 |
| 100 | 1 | _aCorlson, Barrie | |
| 245 | 0 | 0 |
_aOS tales _bone man's part in the re-triangulation of Great Britain |
| 260 |
_aStevenage _bPV Publications _c1997 |
||
| 300 |
_a90p. _bill. _c21cm. |
||
| 350 | _a9.14 | ||
| 520 | _aAn anthology of the author's experiences of working for Ordnance Survey. | ||
| 690 | _aENVIRONMENTAL AND LAND CONSULTANCY-GEOMATICS-MAPPING AND POSITIONING-CARTOGRAPHY | ||
| 942 | _n0 | ||
| 948 | _c06/05/1998 | ||
| 999 |
_c97100 _d97100 |
||